Machine intelligence and autonomy for aerospace systems /

Bibliographic Details
Other Authors: Heer, Ewald, Lum, Henry, 1936-
Format: Book
Language:English
Published: Washington, DC : American Institute of Aeronautics and Astronautics, [1988]
Series:Progress in astronautics and aeronautics ; v. 115.
Subjects:

MARC

Tag First Indicator Second Indicator Subfields
LEADER 00000cam a2200000 a 4500
001 in00000790959
005 20151017065056.0
008 881107s1988 dcua b 00100 eng
010 |a  88037336  
020 |a 0930403487 
035 |a (OCoLC)18835006 
035 |9 ADN5716AM 
040 |a DLC  |c DLC  |d TXA  |d UtOrBLW 
049 |a TXAM  |c [A12493305] 
050 0 0 |a TL507  |b .P75 vol. 115  |a TL797 
082 0 |a 629.1 s  |a 629.47/028/563  |2 19 
245 0 0 |a Machine intelligence and autonomy for aerospace systems /  |c edited by Ewald Heer, Henry Lum. 
264 1 |a Washington, DC :  |b American Institute of Aeronautics and Astronautics,  |c [1988] 
264 4 |c ©1988 
300 |a xv, 355 pages :  |b illustrations ;  |c 24 cm. 
336 |a text  |b txt  |2 rdacontent 
337 |a unmediated  |b n  |2 rdamedia 
338 |a volume  |b nc  |2 rdacarrier 
490 1 |a Progress in astronautics and aeronautics ;  |v v. 115 
504 |a Includes bibliographical references. 
650 0 |a Space stations  |x Automation. 
650 0 |a Artificial intelligence. 
650 0 |a Robotics. 
700 1 |a Heer, Ewald. 
700 1 |a Lum, Henry,  |d 1936- 
830 0 |a Progress in astronautics and aeronautics ;  |v v. 115. 
999 |a MARS 
999 f f |s af1389b0-1709-33c7-89c0-35af649e6b14  |i 28d4349f-4175-31bf-9031-73221d682791  |t 0 
952 f f |p ric  |a Texas A&M University  |b Rellis Campus  |c Joint Library Facility  |d Remote Storage  |t 0  |e TL507 .P75 v.115  |h Library of Congress classification  |i unmediated -- volume  |m A14812493305 
998 f f |a TL507 .P75 v.115  |t 0  |l Remote Storage